000 00365nam a2200169Ia 4500
003 0STCL
008 150530s9999 xx 000 0 und d
040 _aSTCL
_cSTCL
100 _aAitken, A.C.
245 _aStatistical mathematics
250 _aEighth
260 _c1957
546 _aEnglish
942 _2ddc
_cBK
999 _c28712
_d28712
005 20220125170135.0